000 00626nam a2200181 i 4500
001 24560
003 ES-MaACL
005 20230906153055.0
007 t|
008 021218s1975 sp a |||| | spa d
245 0 3 _aLa escritura en libertad
_b: antología de poesía experimental /
_cselección, prólogo y notas bibliográficas de Fernando Millán y Jesús García Sánchez.
260 _aMadrid :
_bAlianza,
_c[1975]
300 _a331 p. :
_bil. ;
_c20 cm.
650 4 _aPoesías experimentales.
_9168833
700 1 _aMillán, Fernando.
_981126
700 1 _aGarcía Sánchez, Jesús.
_955264
852 _aES-MaACL
_jE-8622
999 _c24560
_d24560